000 00778cam a2200289 4500
001 9342
003 BD-JhCC
005 20230923120210.0
008 720307s1971 enk b 000 0 eng
020 _a0140212485
035 _a(BD-JhCC)9342
040 _aDLC
_cDLC
_dDLC
_dBD-JhCC
041 _aeng
050 0 0 _aPK2975
_b.A4
082 0 0 _a891.1
_bANT 1971
245 1 3 _aAn anthology of Indian literature /
_cedited by John B. Alphonso-Karkala.
260 _aHarmondsworth,
_bPenguin,
_c1971.
300 _a630 p.
_c19 cm.
350 _a£0.90
490 0 _aPelican books
504 _aBibliography p. 617-627.
650 0 _aIndia literature.
651 0 _aIndia
_xLiterary collections.
700 _aAlphonso-Karkala, John B.,
942 _2ddc
_cBK
999 _c9342
_d9342